000 00711nam a2200253Ia 4500
003 OSt
005 20220926021003.0
006 a|||||r|||| 00| 0
007 ta
008 220923b |||||||| |||| 00| 0 eng d
037 _cGeneral Book
040 _aRTL
_cRTL
_beng
041 _2eng
_aeng
082 _aH23, L3;M0
100 _aReineck H E
_9238984
245 0 _aDepostional sedimentary environments with referenc
250 _a2nd
260 _aNew York
_bSpringer-Verlag U S A
_c1980
300 _a549p. Bib p. 505-42
_ccm.
650 _aGeology
_915465
700 _a Singh I B
_9238985
942 _hH23, L3;M0
_cGB
_2CC
999 _c635379
_d635379